00324 2200133 4500001002100000005001500021035002000036245004900056300000700105260003200112082000800144084001200152990002600164INLIS00000000000217620250527122526 a0010-0525000468 aHorison majalah sastra /cSoni farid maulana a28 aJakarta :bDepdiknas,c2009 a800 a800 HOR a07.13283 s/d 07.13286